Le Congrès de Vienne. Une refondation de l'Europe 1814-1815.

Guardat en:
Dades bibliogràfiques
Autor principal: Lentz, Thierry (Autor)
Format: Llibre
Idioma:anglès
Publicat: Paris, France: Perrin, 2015.
Col·lecció:Tempus,
Matèries:
Etiquetes: Afegir etiqueta
Sense etiquetes, Sigues el primer a etiquetar aquest registre!

MARC

LEADER 00000nam a22000007a 4500
003 CL-VaPUC
005 20231031164207.0
008 231030t2015 ||||| |||| 00| 0 eng d
999 |c 442214  |d 442212 
020 |a 978-2-262-05095-5 
040 |c Pontificia Universidad Católica de Valparaíso 
082 |2 22  |a 940.2714 LEN 2015 
100 |9 885397  |a Lentz, Thierry  |e author 
245 |a Le Congrès de Vienne.  |b Une refondation de l'Europe 1814-1815. 
260 |a Paris, France:  |b Perrin,  |c 2015. 
300 |a 523 páginas.  
490 |a Tempus,   |n  602. 
500 |a c.1 Donación Sr. Jorge Precht Pizarro. 26-05-23. Biblioteca Teología. 
583 |c 20231030  |k Yessy Sthefany Diaz Vidal 
610 0 |9 885398  |a Congreso de Viena   |x Aspectos políticos   |y 1814-1815  |z Europa  
651 0 |9 255156  |a Europa  |x Política y gobierno  |y 1789-1815 
942 |2 ddc  |c BK 
952 |0 0  |1 0  |2 ddc  |4 0  |6 940_271400000000000_LEN_2015  |7 0  |8 A  |9 592174  |a BIBTEO  |b BIBTEO  |c GEN  |d 2023-10-30  |e Donación   |i 5659196  |o 940.2714 LEN 2015  |p 5659196  |r 2025-01-17  |t 1  |w 2023-10-30  |y BK  |k ICR